[Event "ch-VIE Prelim"]
[Site "Hue VIE"]
[Date "2005.04.04"]
[Round "2"]
[White "Dinh Duc Trong"]
[Black "Pham Chuong"]
[Result "1/2-1/2"]
[WhiteElo "2362"]
[BlackElo "2313"]

1.e4 c5 2.Nc3 Nc6 3.Nf3 g6 4.Bc4 Bg7 5.O-O e6 6.d3 Nge7 7.Bg5 h6 8.Bh4 O-O
9.Qd2 d6 10.Rae1 a6 11.Kh1 b5 12.Bb3 Qc7 13.Ng1 Nd4 14.f4 b4 15.Nce2 Nec6
16.Nxd4 Nxd4 17.Nf3 Nxb3 18.axb3 Bxb2 19.f5 exf5 20.exf5 Bxf5 21.Re7 Qc6
22.d4 Kg7 23.Qf4 Rfe8 24.Rfe1 Rxe7 25.Rxe7 Rf8 26.Bf2 Qd5 27.Be3 Rh8 28.dxc5 dxc5
29.Ne5 Qd1+ 30.Bg1 Rf8 31.Qc4 Bxe5 32.Rxe5 Qxc2 33.Qxc2 Bxc2 34.Bxc5 Rb8
35.Re3 g5 36.Kg1 Kg6 37.Kf2 Rb5 38.Bd6 f6 39.Re2 Bb1 40.Re1 Bd3 41.Ke3 a5
42.Kd4 Bc2 43.Kc4 Rb7 44.Re7 Rb6 45.Bc7 Rc6+ 46.Kb5 Rc3 47.Bxa5 Rxb3 48.Bxb4 Bd3+
49.Kc5 Rb2 50.Re3 Rxg2 51.Rxd3 Rxh2 52.Kd4 Rh4+ 53.Kc3 h5 54.Be7 Re4 55.Bd8 h4
56.Rd6 Rf4 57.Kd3 g4 58.Ke3 Rf3+ 59.Ke2 h3 60.Rd1 Kg5 61.Bc7 Rc3 62.Ba5 Rc2+
63.Ke3 Ra2 64.Bc7 Kh4 65.Rd8 Ra3+ 66.Kf2 Rf3+ 67.Ke2 Kg5 68.Rg8+ Kf5 69.Rh8 Rc3
70.Bb8 Rb3 71.Bc7 Rf3 72.Bb8 Ke4 73.Re8+ Kd4 74.Rd8+ Kc4 75.Rc8+ Kd5 76.Rd8+ Ke6
77.Re8+ Kf7 78.Re3 Rf5 79.Rb3 Ra5 80.Ke3 Kg6 81.Bg3 Kg5 82.Bc7 Ra4 83.Rb8 Ra3+
84.Kd4 f5 85.Rg8+ Kf6 86.Be5+ Kf7 87.Rg7+ Kf8 88.Rg5 Ra4+ 89.Kd3 Ra3+ 90.Kd4 Rf3
91.Kd5 Ke7 92.Rg7+ Kf8 93.Rg5 Ke7 94.Rg7+  1/2-1/2

[Event "Belgrade Cup"]
[Site "Belgrade SCG"]
[Date "2005.04.05"]
[Round "1"]
[White "Velickovic,Sa"]
[Black "Lukic,B"]
[Result "1/2-1/2"]
[WhiteElo "2406"]
[BlackElo "2220"]

1.e4 c5 2.Nc3 Nc6 3.Nge2 g6 4.d4 cxd4 5.Nxd4 Bg7 6.Nde2 Nf6 7.g3 b5 8.Bg2 b4
9.Nd5 O-O 10.O-O Rb8 11.h3 d6 12.Re1 Nd7 13.Nef4 Nde5 14.Nd3 Be6 15.Nxe5 Nxe5
16.a3 a5 17.axb4 axb4 18.Ra7 Re8 19.Qe2 Nc6 20.Ra6 Nd4 21.Qd3 Qc8 22.c3 bxc3
23.bxc3 Nb5 24.Ra4 Bxh3 25.Bxh3 Qxh3 26.Bg5 h6 27.Be3 Qd7 28.Ra5 e6 29.Nb6 Rxb6
30.c4 Rc6 31.cxb5 Rc3 32.Qb1 Rb8 33.b6 d5 34.exd5 exd5 35.Ra7 Rb7 36.Rxb7 Qxb7
37.Qb5 g5 38.Bc5 d4 39.Re8+ Kh7 40.Re1 d3 41.Bb4 Rc8 42.Qxd3+ Kg8 43.Ba5 Bf6
44.Qe4 Rc6 45.Qe8+ Kg7 46.Qe4 Qa8 47.Qd5 Qb7 48.Qe4 Qa8  1/2-1/2

[Event "7th UI&UL GM"]
[Site "Dhaka BAN"]
[Date "2005.04.05"]
[Round "1"]
[White "Satyapragyan,S"]
[Black "Uddin,S"]
[Result "1-0"]
[WhiteElo "2401"]
[BlackElo "2205"]

1.e4 c5 2.Nc3 Nc6 3.Bb5 d6 4.Bxc6+ bxc6 5.d3 g6 6.f4 Bg7 7.Nf3 Nf6 8.O-O Rb8
9.Qe1 O-O 10.Qh4 Nd7 11.f5 Ne5 12.Nxe5 Bxe5 13.Rf3 e6 14.f6 Kh8 15.Bh6 Bd4+
16.Kh1 e5 17.Bg7+ Kg8 18.Qh6  1-0

[Event "2nd K41 Int"]
[Site "Copenhagen DEN"]
[Date "2005.04.06"]
[Round "5"]
[White "Jones,G"]
[Black "Hermansson,E"]
[Result "1-0"]
[WhiteElo "2439"]
[BlackElo "2432"]

1.e4 c5 2.Nc3 Nc6 3.Bb5 Nd4 4.Bc4 e6 5.Nge2 Nf6 6.O-O a6 7.d3 b5 8.Bb3 Nxb3
9.axb3 Bb7 10.Ng3 d6 11.Qe2 Nd7 12.f4 g6 13.f5 Bg7 14.fxe6 fxe6 15.Qg4 Qe7
16.Bg5 Ne5 17.Qh4 Qc7 18.Qh3 Qd7 19.Nce2 h6 20.Bf6 O-O 21.Bxg7 Kxg7 22.Nf4 Rae8
23.c3 g5 24.Nfh5+ Kg6 25.Nf6 Qe7 26.Nxe8 Rxe8 27.d4 Nd7 28.Rf3 Rf8 29.Rxf8 Nxf8
30.Rf1 Kh7 31.d5 exd5 32.Qxh6+ Kxh6 33.Nf5+ Kh5 34.Nxe7  1-0

[Event "ch-VIE Prelim"]
[Site "Hue VIE"]
[Date "2005.04.06"]
[Round "5"]
[White "Dinh Duc Trong"]
[Black "Tran Thanh Tu"]
[Result "0-1"]
[WhiteElo "2362"]
[BlackElo "2233"]

1.e4 c5 2.Nc3 Nc6 3.Nf3 e6 4.Bb5 Nge7 5.O-O a6 6.Bxc6 Nxc6 7.d3 d6 8.Bg5 Be7
9.Bxe7 Qxe7 10.Qd2 O-O 11.Ne1 f5 12.f4 b5 13.Nf3 Bb7 14.Rae1 Rad8 15.exf5 Rxf5
16.g4 Rff8 17.f5 Nd4 18.Nxd4 cxd4 19.Ne4 e5 20.Qg5 Qxg5 21.Nxg5 Rf6 22.Ne4 Rh6
23.Ng3 Rh4 24.g5 Rg4 25.c3 dxc3 26.bxc3 Rxg5 27.Kf2 Rc8 28.d4 Rxc3 29.dxe5 Rc2+
30.Re2 Rxe2+ 31.Kxe2 dxe5 32.Rd1 h5 33.Rd7 Bg2 34.Kf2 Bh3 35.Rd8+ Kh7 36.Ne4 Rxf5+
37.Kg3 Bf1 38.h4 Bc4 39.Rd6 a5 40.a3 Rf8 41.Ng5+ Kg8 42.Rc6 e4 43.Rc5 Re8
44.Kf4 e3 45.Re5 Rxe5 46.Kxe5 e2 47.Nf3 b4 48.axb4 a4 49.Kd4 a3 50.Kc3 a2
51.Kb2 Kf8 52.b5 Ke7 53.b6 Kd6  0-1

[Event "It B"]
[Site "Dos Hermanas ESP"]
[Date "2005.04.07"]
[Round "7"]
[White "Perez Candelario,Man"]
[Black "Teran Alvarez,I"]
[Result "1/2-1/2"]
[WhiteElo "2495"]
[BlackElo "2430"]

1.e4 c5 2.Nc3 Nc6 3.Nge2 d6 4.d4 cxd4 5.Nxd4 e5 6.Nf3 Be7 7.Bc4 Nf6 8.Bg5 Be6
9.Bb3 O-O 10.O-O Rc8 11.Bxf6 Bxf6 12.Nd5 Bg5 13.Qd3 Bh6 14.Rad1 Qd7 15.c3 Na5
16.Nh4 b5 17.Nf5 Bxf5 18.exf5 Nc4 19.Qh3 Kh8 20.Bxc4 bxc4 21.b4 cxb3 22.axb3 Rb8
23.c4 a5 24.Ra1 Qb7 25.Rxa5 Qxb3 26.Qxb3 Rxb3 27.Rfa1 Bd2 28.Rb5 Rd3 29.Rab1 h5
30.Kf1 Rd4 31.Rd1 Ra8 32.Rb2 Bh6 33.Rxd4 exd4 34.Ke2 Bc1 35.Rc2 Ba3 36.Ra2 Re8+
37.Kd3 Bc5 38.Re2 Ra8 39.Nf4 Ra3+ 40.Ke4 Rc3 41.Kd5 d3 42.Rd2 Rc2 43.Rxd3 Rxf2
44.Ke4 Rc2 45.Kd5 Kh7 46.Rh3 g6 47.fxg6+ fxg6 48.Rg3 Rd2+ 49.Ke6 Rd4 50.Nxg6 Rxc4
51.Nf8+ Kh8 52.Ng6+ Kh7 53.Nf8+ Kh8 54.Ng6+ Kh7 55.Nf8+  1/2-1/2

[Event "2nd Magistral"]
[Site "Carilo ESP"]
[Date "2005.04.09"]
[Round "7"]
[White "Cubas,Jo"]
[Black "Mahia,G"]
[Result "0-1"]
[WhiteElo "2387"]
[BlackElo "2364"]

1.e4 c5 2.Nf3 Nc6 3.Nc3 Nf6 4.d4 cxd4 5.Nxd4 e5 6.Ndb5 d6 7.Bg5 a6 8.Na3 b5
9.Bxf6 gxf6 10.Nd5 f5 11.c3 Bg7 12.exf5 Bxf5 13.Nc2 O-O 14.Nce3 Be6 15.g3 f5
16.Bg2 Rb8 17.O-O Qd7 18.Qh5 f4 19.Be4 h6 20.Qg6 Rf7 21.g4 fxe3 22.fxe3 Ne7
23.Nxe7+ Qxe7 24.Rxf7 Bxf7 25.Qh7+ Kf8 26.Rf1 Qe6 27.Bf5 Qxa2 28.h4 Qc4 29.g5 Qe2
30.Be4 Qxe3+ 31.Kg2 d5 32.Bxd5 Qd2+ 33.Kg1 Qxd5 34.gxh6 Bf6 35.Rxf6 Ke7 36.Rf2 Rg8+
37.Kh2 e4 38.b4 e3 39.Re2 Qe5+ 40.Kh1 Ke8  0-1

[Event "2nd Magistral"]
[Site "Carilo ESP"]
[Date "2005.04.09"]
[Round "8"]
[White "Da Silva,A"]
[Black "Varela,D"]
[Result "1-0"]
[WhiteElo "2203"]
[BlackElo "2141"]

1.e4 c5 2.Nc3 Nc6 3.Bb5 e6 4.Bxc6 bxc6 5.f4 d5 6.d3 d4 7.Nce2 Nf6 8.Nf3 Be7
9.O-O Qc7 10.Ne5 Nd7 11.Nxd7 Qxd7 12.b3 a5 13.a4 f6 14.Ng3 Bd8 15.Ba3 Bb6
16.Bxc5 Bxc5 17.Qh5+ g6 18.Qxc5 Kf7 19.Rf3 Kg7 20.Re1 Rf8 21.Nh5+ Kf7 22.Nxf6 Qe7
23.Qxe7+ Kxe7 24.Nxh7 Rh8 25.Ng5 Bd7 26.Rh3 Rxh3 27.Nxh3 Kd6 28.Ng5 Kc5 29.Nf3 Kb4
30.Ne5 Be8 31.Re2 c5 32.Kf2 Kc3 33.Ke1 Rb8 34.Nc4 Ra8 35.g4 Bd7 36.Nb6 Ra7
37.Nxd7 Rxd7 38.Kd1 c4 39.dxc4 Rf7 40.Rf2 d3 41.Rf3 Kd4 42.cxd3 Kc3 43.Ke2 Kxb3
44.Kd2 Rh7 45.h3 Kxa4 46.Kc3 Rb7 47.f5 gxf5 48.exf5 exf5 49.gxf5 Ka3 50.f6 Rf7
51.Rf2 a4 52.h4 Rf8 53.f7  1-0

[Event "ch-RUS u18"]
[Site "Nojabrsk RUS"]
[Date "2005.04.09"]
[Round "4"]
[White "Eraschenkov,D"]
[Black "Kiselev,Ar"]
[Result "1/2-1/2"]
[WhiteElo "2378"]
[BlackElo "2277"]

1.e4 c5 2.Nc3 Nc6 3.Nge2 Nf6 4.g3 d6 5.Bg2 g6 6.O-O Bg7 7.d3 O-O 8.h3 Rb8
9.a4 a6 10.g4 b5 11.axb5 axb5 12.Ng3 b4 13.Nce2 Qb6 14.Kh1 Nd4 15.f4 Ne8
16.f5 Nxe2 17.Nxe2 Bb7 18.Bg5 Qc7 19.c3 bxc3 20.bxc3 Nf6 21.Ng3 Bc6 22.d4 Qb7
23.d5 Bb5 24.Rf2 Rfe8 25.Rb2 Qc7 26.Rab1 Bc4 27.Rxb8 Rxb8 28.Rxb8+ Qxb8 29.e5 dxe5
30.Bxf6 Bxf6 31.Ne4 gxf5 32.gxf5 Bg7 33.f6  1/2-1/2

[Event "7th UI&UL GM"]
[Site "Dhaka BAN"]
[Date "2005.04.11"]
[Round "8"]
[White "Roy Chowdhury,S"]
[Black "Nikhilesh,K"]
[Result "1/2-1/2"]
[WhiteElo "2397"]
[BlackElo "2199"]

1.e4 c5 2.Nc3 Nc6 3.Nf3 d6 4.Bc4 Nf6 5.h3 g6 6.d4 cxd4 7.Nxd4 Bg7 8.Be3 O-O
9.Bb3 Bd7 10.O-O Rc8 11.Qd2 a6 12.Rae1 b5 13.Nxc6 Bxc6 14.Bg5 a5 15.a4 bxa4
16.Bxa4 Bxa4 17.Nxa4 Qc7 18.c3 Rfe8 19.Bxf6  1/2-1/2

[Event "7th UI&UL GM"]
[Site "Dhaka BAN"]
[Date "2005.04.13"]
[Round "10"]
[White "Roy Chowdhury,S"]
[Black "Mohammad,J"]
[Result "1-0"]
[WhiteElo "2397"]
[BlackElo "2186"]

1.e4 c5 2.Nc3 Nc6 3.Nf3 e6 4.Bb5 Nge7 5.O-O a6 6.Bxc6 Nxc6 7.Re1 d6 8.d4 cxd4
9.Nxd4 Be7 10.Nxc6 bxc6 11.Qg4 Bf6 12.e5 dxe5 13.Ne4 O-O 14.Rd1 Qe7 15.Be3  1-0

[Event "7th UI&UL GM"]
[Site "Dhaka BAN"]
[Date "2005.04.14"]
[Round "11"]
[White "Satyapragyan,S"]
[Black "Nikhilesh,K"]
[Result "1-0"]
[WhiteElo "2401"]
[BlackElo "2199"]

1.e4 c5 2.Nc3 Nc6 3.Bb5 Nd4 4.Bc4 g6 5.Nf3 Bg7 6.Nxd4 cxd4 7.Qf3 Nh6 8.Ne2 O-O
9.d3 Ng4 10.Bb3 d6 11.Qg3 Nf6 12.Bg5 Nd7 13.h4 h5 14.Nf4 Kh7 15.Nd5 Re8 16.O-O Ne5
17.f4 Ng4 18.f5 gxf5 19.exf5 Be5 20.Qf3 f6 21.Bd2 Rh8 22.Nf4 Bxf5 23.Nxh5 e6
24.Qxb7+ Kg6 25.Rxf5 Rh7 26.Rg5+  1-0

[Event "1st ch-SCG"]
[Site "Kopaonik SCG"]
[Date "2005.04.15"]
[Round "13"]
[White "Pikula,D"]
[Black "Vuckovic,Bo"]
[Result "1/2-1/2"]
[WhiteElo "2485"]
[BlackElo "2529"]

1.e4 c5 2.Nf3 Nc6 3.Nc3 e5 4.Bc4 Be7 5.d3 d6 6.Nd2 Bg5 7.h4 Bxd2+ 8.Bxd2 Nf6
9.O-O O-O 10.f4 Ng4 11.Qe1 exf4  1/2-1/2

[Event "Spring Inv"]
[Site "Chicago USA"]
[Date "2005.04.16"]
[Round "1"]
[White "Mitkov,N"]
[Black "Smetankin,S"]
[Result "1/2-1/2"]
[WhiteElo "2530"]
[BlackElo "2479"]

1.e4 c5 2.Nc3 Nc6 3.Nf3 Nf6 4.Bb5 g6 5.h3 Nd4 6.Ba4 Bg7 7.e5 Nh5 8.O-O Nf4
9.Re1 O-O 10.d3 Nfe6 11.Nxd4 cxd4 12.Nd5  1/2-1/2

[Event "ch-CUB GpB"]
[Site "Santa Clara CUB"]
[Date "2005.04.16"]
[Round "9"]
[White "Gonzalez,Y"]
[Black "Gongora,M"]
[Result "0-1"]
[WhiteElo "2482"]
[BlackElo "2454"]

1.e4 c5 2.Nf3 Nc6 3.Nc3 Nf6 4.Bb5 Nd4 5.e5 Nxb5 6.Nxb5 Nd5 7.O-O a6 8.Nc3 Nxc3
9.dxc3 Qc7 10.Bf4 Qc6 11.Re1 b6 12.Ng5 Bb7 13.f3 f6 14.exf6 gxf6 15.Ne4 O-O-O
16.c4 Rg8 17.Kh1 d5 18.cxd5 Rxd5 19.Qe2 e5 20.Bg3 Rd7 21.Rad1 Be7 22.Rxd7 Qxd7
23.Rd1 Qe6 24.c4 Rd8 25.Rxd8+ Kxd8 26.Kg1 Ke8 27.Kf1 Kf7 28.Nc3 Qd7 29.Qc2 Kg7
30.Ke2 Bc6 31.Qd3 Qd4 32.Bf2 Qxd3+ 33.Kxd3 f5 34.a4 e4+ 35.fxe4 fxe4+ 36.Nxe4 Bxa4
37.Bg3 Bc6 38.Bc7 b5 39.cxb5 axb5 40.Bb6 c4+ 41.Kd4 Kg6 42.g3 Kf5 43.Bc5 Bd8
44.Nd6+ Ke6 45.Ne4 Kf5 46.Nd6+ Kg4 47.Ba3 Bb6+ 48.Bc5 Bd8 49.Ba3 Bb6+ 50.Bc5 Ba5
51.Ba7 Bb4 52.Nf7 Be8 53.Ne5+ Kh3 54.Nf3 Be7 55.Ke3 Bh5 56.Nd4 b4 57.Nc6 Bg5+
58.Kd4 c3 59.bxc3 b3  0-1

[Event "Extraliga CZE 2004-5"]
[Site "Czech Rep CZE"]
[Date "2005.04.17"]
[Round "11"]
[White "Rasik,V"]
[Black "Volosin,V"]
[Result "1-0"]
[WhiteElo "2464"]
[BlackElo "2281"]

1.e4 c5 2.Nf3 Nc6 3.Nc3 g6 4.Bb5 Bg7 5.O-O e5 6.a3 Nge7 7.b4 d6 8.Rb1 O-O
9.Bc4 Rb8 10.Nd5 b5 11.Ba2  1-0

[Event "ch-RSA"]
[Site "Johannesburg RSA"]
[Date "2005.04.17"]
[Round "11"]
[White "Stander,H"]
[Black "De Villiers,C"]
[Result "1-0"]
[WhiteElo "2036"]
[BlackElo "2314"]

1.e4 c5 2.Nc3 Nc6 3.Nge2 g6 4.d4 cxd4 5.Nxd4 Bg7 6.Be3 Nf6 7.Bc4 O-O 8.O-O d6
9.h3 Bd7 10.Re1 Rc8 11.Bb3 Ne5 12.f4 Nc4 13.Bxc4 Rxc4 14.Qd3 Rc8 15.g4 a6
16.Rad1 b5 17.a3 Qc7 18.g5 Nh5 19.Nd5 Qd8 20.h4 f6 21.f5 fxg5 22.Bxg5 Nf6
23.fxg6 h6 24.Nxf6+ exf6 25.Bf4 f5 26.Nxf5 Bxf5 27.exf5 Qxh4 28.Bg3 Qg4 29.Re4 Qxf5
30.Qd5+ Qxd5 31.Rxd5 Rxc2 32.Bxd6 Rd8 33.Re6 Bxb2 34.Be5 Rdc8 35.Bf4 Bc1
36.Bxc1 Rxc1+ 37.Kg2 R1c2+ 38.Kg3 R8c6 39.Rd8+ Kg7 40.Rd7+  1-0

[Event "3 Arrows Cup"]
[Site "Jinan CHN"]
[Date "2005.04.19"]
[Round "10"]
[White "Skripchenko,A"]
[Black "Hou Yifan"]
[Result "0-1"]
[WhiteElo "2453"]
[BlackElo "2158"]

1.e4 c5 2.Nc3 Nc6 3.Bb5 Nd4 4.Bc4 a6 5.Nf3 e6 6.d3 b5 7.Bb3 Nxb3 8.axb3 Bb7
9.O-O d6 10.Ng5 h6 11.Nh3 Nf6 12.f4 Be7 13.Qe1 O-O 14.Qg3 Nh5 15.Qf3 Nf6
16.Nf2 Qc7 17.Qg3 Kh8 18.Qh3 Nh7 19.f5 exf5 20.Qxf5 Nf6 21.Qh3 Qd7 22.Qg3 Nh7
23.Nh3 b4 24.Nd5 Bxd5 25.exd5 Qb7 26.Qf3 Bf6 27.Rb1 Rae8 28.Bd2 Re5 29.Bf4 Rf5
30.g4 Bd4+ 31.Kg2 Rf6 32.Qe4 Rg6 33.Bg3 Nf6 34.Rxf6 Rxf6 35.Nf4 Qd7 36.Nh5 Rg6
37.h3 f5 38.Qf3 Kh7 39.Rf1 Rg5 40.Bh4 fxg4 41.Qe4+ g6 42.Rxf8 gxh3+ 43.Kf1 Rxh5
44.Bg3 h2 45.Bxh2 Rxh2 46.Qe6 Rh1+ 47.Ke2 Qxe6+ 48.dxe6 Rh3 49.c3 bxc3 50.bxc3 Re3+
51.Kd2 Bg7 52.Re8 Re5 53.d4 cxd4 54.cxd4 Re4 55.d5 Rd4+ 56.Kc2 Rxd5 57.e7 Re5  0-1

[Event "ch-UKR u20"]
[Site "Lviv UKR"]
[Date "2005.04.20"]
[Round "2"]
[White "Kryvoruchko,Y"]
[Black "Zinchenko,Ya"]
[Result "0-1"]
[WhiteElo "2498"]
[BlackElo "2460"]

1.e4 c5 2.Nf3 Nc6 3.Nc3 d6 4.d4 cxd4 5.Nxd4 Nf6 6.f3 e5 7.Nb3 Be7 8.Be3 O-O
9.Qd2 a5 10.Bb5 Na7 11.Bd3 Nc6 12.Rd1 Be6 13.a3 h6 14.Bb5 Na7 15.Be2 Nc8
16.O-O Nb6 17.Kh1 Nc4 18.Bxc4 Bxc4 19.Rfe1 Qc7 20.Qf2 Qc6 21.Qg3 Kh8 22.Rd2 b5
23.Red1 b4 24.Nd5 Bxd5 25.exd5 Qb5 26.axb4 Qxb4 27.Nc5 Qxb2 28.Ne4 Nxe4 29.fxe4 Qb4
30.Re2 a4 31.Qh3 Qxe4 32.Rde1 Qg6 33.Qd7 Bg5 34.Bxg5 hxg5 35.Ra1 a3 36.Qh3+ Qh7
37.Rxa3 Qxh3 38.Rxh3+ Kg8 39.Kg1 Rfc8 40.Rb3 Ra1+ 41.Kf2 Rd1 42.Rd3 Rxd3
43.cxd3 Rc5 44.Ke3 Rxd5 45.Rb2 Rd4 46.Rb7 g4 47.Rd7 g6 48.Ke2 Kg7 49.Ke3 Kf6
50.Rd8 Kg5 51.Rd7 Kf6 52.Rd8 Ke7 53.Ra8 Rb4 54.Ra2 Ke6 55.Rc2 Ra4 56.Rb2 f5
57.Rc2 f4+ 58.Ke2 Ra7 59.Kf2 Rh7 60.Kg1 Kd5 61.Rc8 Kd4 62.Rg8 d5 63.Rxg6 Kxd3
64.Rxg4 Ke2 65.Rg5 Re7 66.h4 d4  0-1

[Event "Torch Real Estate Cup"]
[Site "Jinan CHN"]
[Date "2005.04.21"]
[Round "2"]
[White "Gu Xiaobing"]
[Black "Wang Doudou"]
[Result "0-1"]
[WhiteElo "2331"]
[BlackElo "2143"]

1.e4 c5 2.Nc3 Nc6 3.Bb5 g6 4.Bxc6 dxc6 5.d3 Bg7 6.Be3 b6 7.Qd2 e5 8.Nge2 Be6
9.O-O Ne7 10.Bh6 O-O 11.Bxg7 Kxg7 12.f4 exf4 13.Qxf4 f6 14.Qg3 Qb8 15.Nf4 Qe5
16.Nce2 Bf7 17.c3 Kh8 18.Qf3 Ng8 19.d4 Qe7 20.Rfe1 Rfe8 21.Ng3 cxd4 22.cxd4 Qb4
23.Qf2 Rad8 24.Red1 Rd7 25.a3 Qa4 26.Nfe2 Kg7 27.Nc3 Qb3 28.Rd2 Red8 29.Nge2 Qe6
30.Nf4 Qe7 31.Re1 Rd6 32.Nfe2 Bc4 33.Nf4 Bf7 34.Nb1 Qd7 35.Red1 Bb3 36.e5 Bxd1
37.exd6 Bb3 38.Nc3 Qxd6 39.Ne4 Qd7 40.Qg3 Bd5 41.Nh5+ Kf7 42.Ng5+ fxg5 43.Rf2+ Ke8
44.Re2+ Kf8 45.Qf2+ Bf7  0-1

[Event "7th Rector Cup w"]
[Site "Kharkiv UKR"]
[Date "2005.04.21"]
[Round "2"]
[White "Bodnaruk,A"]
[Black "Petrenko,S"]
[Result "1-0"]
[WhiteElo "2198"]
[BlackElo "2348"]

1.e4 c5 2.Nc3 Nc6 3.Nge2 e6 4.g3 Rb8 5.Bg2 b5 6.O-O b4 7.Nb1 e5 8.c4 Nf6
9.d3 Be7 10.f4 d6 11.h3 O-O 12.f5 Ne8 13.Nd2 Bg5 14.Nf3 Bxc1 15.Qxc1 f6 16.h4 Nd4
17.Nexd4 cxd4 18.g4 Nc7 19.Rf2 Na6 20.Kh1 Nc5 21.Qd2 Ba6 22.Re2 Qa5 23.Qd1 Bb7
24.g5 Bc6 25.Nh2 Rb7 26.Bf3 fxg5 27.hxg5 g6 28.Rg2 Qd8 29.Ng4 Kh8 30.Nf6 Rg7
31.Qe2 a5 32.Rag1 Nd7 33.Nxd7 Bxd7 34.f6 Rgf7 35.Rh2 Qc7 36.Rh6 Be6 37.Rg2 Rb8
38.Rgh2 Rg8 39.Bh5 gxh5 40.Qxh5 d5 41.g6 Rxg6 42.Rxg6 dxc4 43.Rhg2  1-0

[Event "ch-UKR w u20"]
[Site "Kharkiv UKR"]
[Date "2005.04.21"]
[Round "3"]
[White "Zdebskaja,N"]
[Black "Muzychuk,M"]
[Result "1-0"]
[WhiteElo "2344"]
[BlackElo "2059"]

1.e4 c5 2.Nf3 Nc6 3.Nc3 Nf6 4.Bb5 Nd4 5.e5 Nxb5 6.Nxb5 Nd5 7.Ng5 f6 8.Qf3 fxg5
9.Qxd5 Qb6 10.Nc3 Qc7 11.Qe4 e6 12.h4 Qd8 13.hxg5 Qxg5 14.Nb5 Kf7 15.Rh3 Qg6
16.Rf3+ Kg8 17.Qh4 h6 18.Nc7 Rb8 19.Rxf8+ Kxf8 20.Qd8+ Kf7 21.Qxh8 Qe4+ 22.Kf1 Qxe5
23.Qe8+ Kf6 24.Nb5 Qe4 25.d3 Qa4 26.Qf8+ Kg6 27.Qxc5 Qh4 28.Kg1 Qg4 29.Be3 b6
30.Qd4 Qe2 31.Qe4+ Kf7 32.Qf4+  1-0

[Event "ch-UKR w u20"]
[Site "Kharkiv UKR"]
[Date "2005.04.22"]
[Round "4"]
[White "Berdiugina,E"]
[Black "Zdebskaja,N"]
[Result "1/2-1/2"]
[WhiteElo "2123"]
[BlackElo "2344"]

1.e4 c5 2.Nc3 Nc6 3.Bb5 Nd4 4.Bc4 g6 5.Nf3 Bg7 6.Nxd4 cxd4 7.Qf3 Bf6 8.Nd5 e6
9.Nxf6+ Qxf6 10.Qxf6 Nxf6 11.d3 d6 12.Bh6 Ke7 13.f4 Bd7 14.Bg5 h6 15.Bh4 g5
16.fxg5 hxg5 17.Bxg5 Rag8 18.Bxf6+ Kxf6 19.O-O+ Ke7 20.a4 Rg5 21.Rf2 Ra5
22.Bb3 Rh7 23.Ra2 Rhh5 24.c3 dxc3 25.bxc3 Rhc5 26.c4 Rc6 27.Ra1 Rb6 28.Bd1 Rb4
29.Rfa2 d5 30.exd5 exd5 31.cxd5 Rxd5 32.Ra3 Bf5 33.Be2 Rb2 34.R1a2 Rxa2 35.Rxa2 Bxd3
36.Rd2 Bc4 37.Rxd5 Bxd5 38.Kf2 Kf6 39.Bf3 Bb3 40.a5 b6 41.axb6 axb6 42.Ke3 Ke5
43.Kd3 Be6 44.Kc3 Kf4 45.Kb4 Bd7 46.Kc3 Ke3 47.h4 Kf4 48.h5 Kg5 49.g4 f5
50.gxf5 Bxf5  1/2-1/2

[Event "Torch Real Estate Cup"]
[Site "Jinan CHN"]
[Date "2005.04.23"]
[Round "4"]
[White "Sun Chuyao"]
[Black "Qiu Tong"]
[Result "1-0"]
[WhiteElo "2224"]
[BlackElo "2263"]

1.e4 c5 2.Nc3 Nc6 3.Bb5 g6 4.Bxc6 dxc6 5.f4 c4 6.Nf3 Bg7 7.O-O Bg4 8.h3 Bxf3
9.Qxf3 Nf6 10.e5 Qd4+ 11.Kh1 Nd5 12.Ne2 Qc5 13.c3 b5 14.b3 O-O 15.bxc4 Qxc4
16.d3 Qa4 17.Nd4 Nxc3 18.Nxc6 e6 19.f5 exf5 20.Bb2 b4 21.a3 Qb3 22.Rf2 bxa3
23.Bxa3 Rfe8 24.d4 Rac8 25.Ne7+ Rxe7 26.Bxe7 Qc4 27.Rc1 Qxd4 28.Rfc2 Bxe5
29.Rxc3 Qxc3 30.Rxc3 Bxc3 31.Qb7 Re8 32.Qd7 Rb8 33.Bd6 Ra8 34.Qc6 Rd8 35.Bc7 Rd1+
36.Kh2 Bd4 37.Qe8+ Kg7 38.Qe2 Rb1 39.Qd3 Rb4 40.Bd6 Ra4 41.Qb3 Ra5 42.Qb8 Rd5
43.Qf8+ Kf6 44.Qd8+  1-0

[Event "7th Rector Cup w"]
[Site "Kharkiv UKR"]
[Date "2005.04.23"]
[Round "4"]
[White "Bodnaruk,A"]
[Black "Dvoretska,O"]
[Result "1-0"]
[WhiteElo "2198"]
[BlackElo "2166"]

1.e4 c5 2.Nc3 Nc6 3.Nge2 g6 4.d4 cxd4 5.Nxd4 Bg7 6.Nde2 d6 7.g3 Nf6 8.Bg2 O-O
9.O-O Bd7 10.h3 Rc8 11.Rb1 a6 12.b3 b5 13.Bb2 Qb6 14.Nd5 Nxd5 15.exd5 Nd8
16.Nd4 e5 17.dxe6 fxe6 18.Qd2 e5 19.Ne2 Bf5 20.Rbc1 Nf7 21.Kh2 Rc7 22.Bd5 Kh8
23.f4 Bc8 24.Bc3 Re7 25.Ba5 Qb8 26.Rcd1 Be6 27.Bg2 Rc8 28.g4 Bh6 29.Qd3 exf4
30.Nxf4 d5 31.Qg3 Bxf4 32.Rxf4 Rxc2 33.g5 Kg8 34.Re1 Re8 35.Kh1 Qc8 36.Ref1 Rc1
37.Be1 Qc2 38.R4f2 Qc7 39.Qe3 Qc8 40.Qg3 Bf5 41.Rxf5 gxf5 42.g6 Qe6 43.gxf7+ Kxf7
44.Bd2 Rxf1+ 45.Bxf1 d4 46.Bg2 Rg8 47.Qc7+ Kf6 48.Qf4 Qd7 49.Qh4+ Ke6 50.Qf4 Qg7
51.Qf3 Qd7 52.h4 Qd6 53.Bf4 Qc5 54.Bg5 Rc8 55.Qh5 Qc3 56.Qh6+ Kd7 57.Qxh7+  1-0

[Event "3rd V Nabokov Mem"]
[Site "Kiev UKR"]
[Date "2005.04.23"]
[Round "5"]
[White "Pavlov,S2"]
[Black "Matorin,E"]
[Result "0-1"]
[WhiteElo "2449"]
[BlackElo "2311"]

1.e4 c5 2.Nf3 Nc6 3.Nc3 g6 4.d4 cxd4 5.Nxd4 Bg7 6.Be3 Nf6 7.Bc4 O-O 8.Bb3 Ng4
9.Qxg4 Nxd4 10.Qd1 Nxb3 11.axb3 a6 12.Qd2 d6 13.Bh6 f5 14.Bxg7 Kxg7 15.h4 h5
16.O-O-O fxe4 17.Nxe4 Bf5 18.Qd4+ Kg8 19.Qd5+ Kg7 20.Ng5 Rc8 21.Rd2 Rf6 22.Qxb7 Rb8
23.Qa7 Ra8 24.Qb7 Rb8 25.Qd5 Rb5 26.Qd4 Qa5 27.Kb1 Rxb3 28.Re1 Rb7 29.f4 Rc7
30.Rc1 Rc4 31.Qe3 e5 32.fxe5 dxe5 33.Qa7+ Rc7 34.Qb8 Rf8 35.Rd5 Bxc2+  0-1

[Event "2nd Open"]
[Site "Porto Carras GRE"]
[Date "2005.04.23"]
[Round "2"]
[White "Obodchuk,A"]
[Black "Troffiguer,O"]
[Result "1-0"]
[WhiteElo "2442"]
[BlackElo "2137"]

1.e4 c5 2.Nc3 Nc6 3.Bb5 Nd4 4.Bc4 e6 5.Nf3 Ne7 6.O-O Nec6 7.Nxd4 cxd4 8.Ne2 Be7
9.d3 O-O 10.a3 a6 11.Ba2 d6 12.f4 Kh8 13.f5 Bf6 14.Nf4 exf5 15.exf5 Be5 16.Qh5 Ne7
17.Bxf7 Bxf5 18.Bb3 Qd7 19.h3 Ng6 20.Nd5 Be6 21.Bd2 Bxd5 22.Bxd5 Nf4 23.Bxf4 Bxf4
24.Be4 g5 25.Kh1 Qg7 26.Rf3 Be5 27.Raf1 h6 28.g3 Rf6 29.Rxf6 Bxf6 30.Rf5 Rf8
31.Qf3 b6 32.Kg2 Be7 33.Qg4 Bf6 34.Rf2 a5 35.Qe6 Be5 36.Rxf8+ Qxf8 37.Qd7 Qg8
38.Qb7 h5 39.Qxb6 h4 40.Qxa5 Qf8 41.Qa7 Bg7 42.Qa8  1-0

[Event "62nd ch-POL"]
[Site "Poznan POL"]
[Date "2005.04.23"]
[Round "3"]
[White "Czarnota,P"]
[Black "Miton,K"]
[Result "1-0"]
[WhiteElo "2478"]
[BlackElo "2592"]

1.e4 c5 2.Nf3 Nc6 3.Nc3 Nf6 4.d4 cxd4 5.Nxd4 e5 6.Ndb5 d6 7.Nd5 Nxd5 8.exd5 Nb8
9.c4 Be7 10.Be2 a6 11.Nc3 O-O 12.O-O Nd7 13.Be3 f5 14.f3 Bg5 15.Bf2 Rf6 16.b4 Rh6
17.g3 Nf6 18.c5 f4 19.g4 Rh3 20.Bd3 h5 21.gxh5 Rxh5 22.Kh1 Bh4 23.Bxh4 Rxh4
24.Rf2 Nh5 25.Ne4 dxc5 26.bxc5 Bf5 27.Qc2 Kh8 28.d6 Rh3 29.Kg1 Rb8 30.Rb1 Rh4
31.Rg2 Bxe4 32.Bxe4 Qc8 33.Qc3 Nf6 34.Qxe5 Rh5 35.Rg5 Rxg5+ 36.Qxg5 Qe6 37.Re1 Qc4
38.Kh1 Nxe4 39.fxe4 Qc3 40.Rf1 Rf8 41.d7 Qc2 42.Qe7 Kh7 43.d8=Q Rxd8 44.Rg1  1-0

[Event "Open"]
[Site "Metz FRA"]
[Date "2005.04.24"]
[Round "9"]
[White "Schweitzer,V"]
[Black "Carrillo,J"]
[Result "0-1"]
[WhiteElo "2274"]
[BlackElo "2139"]

1.e4 c5 2.Nc3 Nc6 3.Nf3 d6 4.Bc4 Nf6 5.O-O Bg4 6.Be2 g6 7.d3 Bg7 8.Be3 Nd7
9.Ng5 Bxe2 10.Qxe2 h6 11.Nh3 a6 12.f4 Nd4 13.Qd2 e6 14.Nd1 f5 15.c3 Nc6 16.Ndf2 d5
17.exd5 exd5 18.Qc2 Qb6 19.Kh1 d4 20.cxd4 cxd4 21.Bd2 Qb5 22.Rfe1+ Kf7 23.Ng1 Rhe8
24.a4 Qd5 25.b4 a5 26.Rxe8 Rxe8 27.bxa5 Bf8 28.Rb1 Nc5 29.h3 Bd6 30.Rb5 Na7
31.Rb1 Kf8 32.Nf3 Re2 33.Kg1 Nc6 34.Kf1 Re7 35.Rb5 Kf7 36.Bc1 Na7 37.Rb6 Ne6
38.Qb2 Nxf4 39.Bxf4 Bxf4 40.Qxd4 Qxd4 41.Nxd4 Bd2 42.Nf3 Bxa5 43.Rb3 Nc6
44.Nd1 g5 45.Rb5 Kf6 46.Nb2 g4 47.Nh4 Kg5 48.g3 gxh3 49.Nc4 Bc3 50.Nd6 Nd4  0-1

[Event "ch-UKR u20"]
[Site "Lviv UKR"]
[Date "2005.04.25"]
[Round "7"]
[White "Yarmysty,M"]
[Black "Kryvoruchko,Y"]
[Result "0-1"]
[WhiteElo "2334"]
[BlackElo "2498"]

1.e4 c5 2.Nf3 Nc6 3.Nc3 Nf6 4.Bb5 Qc7 5.O-O Nd4 6.Nxd4 cxd4 7.Nd5 Nxd5 8.exd5 Qc5
9.c4 a6 10.Ba4 b5 11.cxb5 Bb7 12.Bb3 axb5 13.d3 e6 14.Qf3 Bd6 15.Qg4 Bxd5
16.Qxg7 O-O-O 17.Bxd5 Qxd5 18.Qg5 f5 19.f3 Kb7 20.Bf4 Rdg8 21.Qh4 e5 22.Bd2 Rg6
23.Kh1 Rhg8 24.Rf2 R8g7 25.Qh5 Qe6 26.f4 Qd5 27.Rg1 exf4 28.Qf3 Qxf3 29.Rxf3 Rg4
30.Rf2 Kc6 31.Rc1+ Kd5 32.a3 Rh4 33.Kg1 f3 34.Rxf3 Bxh2+ 35.Kf1 Rh5 36.Rc8 Bg3
37.Re8 d6 38.Kg1 Bh2+ 39.Kf2 Be5 40.Bf4  0-1

[Event "3rd V Nabokov Mem"]
[Site "Kiev UKR"]
[Date "2005.04.28"]
[Round "11"]
[White "Madan,A"]
[Black "Stopkin,V"]
[Result "1/2-1/2"]
[WhiteElo "2310"]
[BlackElo "2337"]

1.e4 c5 2.Nc3 Nc6 3.Bb5 Nd4 4.Bc4 e6 5.Nf3 Ne7 6.O-O Nec6 7.Nxd4 Nxd4 8.d3 Be7
9.f4 O-O 10.Be3 d6 11.Bxd4 cxd4 12.Ne2 Bd7 13.Kh1 b5 14.Bb3 a5 15.a4 Qb6
16.axb5 Bf6 17.Ng3 g6 18.f5 Qxb5 19.Qg4 Qe5 20.h4 Kh8 21.fxg6 fxg6 22.h5 Bg5
23.Ne2 a4 24.Ba2 gxh5 25.Qxh5 Bf6 26.Qxe5 Bxe5 27.g3 Rab8 28.Rxf8+ Rxf8 29.Kg2 Kg7
30.Bc4 Rc8 31.Rc1 Bf6 32.Nf4 Bg5  1/2-1/2